000 00594nam a22001817a 4500
999 _c159635
_d159635
005 20181227114343.0
010 _aENG-124601
020 _a9789351865261
_c400.00
035 _aEN-108133
037 _bDBAD/PUB
082 _a320.9540905
245 _aRedefining Governance:
_ced. by Anirban Ganguly
_b(Essays on one year of Narendra Modi Government/
260 _aNew Delhi
_bPrabhat Prakashan
_c2018
270 _a4/19, Asaf Ali Road, Daryaganj,
_bNew Delhi
_e110002
300 _a296p.
_c21cm.(Hb)
700 _a Ganguly, Anirban
942 _2ddc
_cEN
_mRED
_h320.9540905